000 00685nam a22002177a 4500
003 UA-OsUOA
001 118664
007 ta
008 20160912b un ||||| |||| 00| 0 ukr d
100 _aЦимбалюк С.
090 _a330(477)
_bЦ61
942 _cSA
040 _aUA-OsUOA
_bukr
_cUA-OsUOA
_dUA-OsUOA
245 _aБренд роботодавця: сутність, передумови поширення, аналіз практики формувань
300 _aС.10-17
955 _a0
041 _aukr
080 _a330(477)
773 0 _w118662
_tУкраїна: аспекти праці
_dК.
_d2016
_g6
650 7 _a330 Економіка взагалі
_2UDC
999 _c404788
_d404788